000 00566nam a22001937a 4500
005 20150619105203.0
010 _aENG-112892
020 _c995.00
_a9789382532026
035 _aEN-96424
037 _bDBAD/PUB
082 _a658.4092
100 _aGaur, Sanjay
245 _aChanakya :
_cby Sanjay Gaur
_bthe management guru /
260 _aJaipur
_bYKing Books
_c2013
270 _a18, Jain Bhawan, Opp. N.B.C., Shanti Nagar
_bJaipur
_e302006
300 _avi,262p.
_c22cm(Hb)
500 _aIncludes index
942 _2ddc
_cEN
_mGAU
_h658.4092
999 _c93408
_d93408